ბათუმის შოთა რუსთაველის სახელმწიფო უნივერსიტეტის ბიბლიოთეკა

TestDaF Musterprufung 1:Test Deutsch als Fremdsprache : Musterprufung 1: herausgegeben vom TestDaF-Institut. (ბიბ.ჩანაწერი № 55507)

000 -LEADER
fixed length control field 00792nam a2200253Ia 4500
001 - CONTROL NUMBER
control field 22589
003 - CONTROL NUMBER IDENTIFIER
control field GE_BSU
005 - DATE AND TIME OF LATEST TRANSACTION
control field 20230331143958.0
008 - FIXED-LENGTH DATA ELEMENTS--GENERAL INFORMATION
fixed length control field 181216s||||||||xx |||||||||||||| ||und||
020 ## - INTERNATIONAL STANDARD BOOK NUMBER
International Standard Book Number 9783190416998
040 ## - CATALOGING SOURCE
Transcribing agency GE_BSU
041 ## - LANGUAGE CODE
Language code of text/sound track or separate title gre
080 ## - UNIVERSAL DECIMAL CLASSIFICATION NUMBER
Universal Decimal Classification number 811.112.1 T-38
245 ## - TITLE STATEMENT
Title TestDaF Musterprufung 1:Test Deutsch als Fremdsprache :
Musterprufung 1: herausgegeben vom TestDaF-Institut.
264 ## - PRODUCTION, PUBLICATION, DISTRIBUTION, MANUFACTURE, AND COPYRIGHT NOTICE
Place of production, publication, distribution, manufacture Bobingen :
Name of producer, publisher, distributor, manufacturer Hueber Verlag,
Date of production, publication, distribution, manufacture, or copyright notice 2005.
300 ## - PHYSICAL DESCRIPTION
Extent 80 p. :
Other physical details ill ;
Dimensions 29 cm.
Accompanying material +1CD-Rom Musterprufung 1
653 ## - INDEX TERM--UNCONTROLLED
keyword TestDaF Musterprufung 1
653 ## - INDEX TERM--UNCONTROLLED
keyword Test Deutsch als Fremdsprache
653 ## - INDEX TERM--UNCONTROLLED
keyword Musterprufung 1
653 ## - INDEX TERM--UNCONTROLLED
keyword herausgegeben vom TestDaF-Institut
653 ## - INDEX TERM--UNCONTROLLED
keyword გერმანული ენა
942 ## - ADDED ENTRY ELEMENTS (KOHA)
Koha item type წიგნი
Source of classification or shelving scheme
ეგზემპლარები
Withdrawn status Lost status Source of classification or shelving scheme Damaged status Not for loan Permanent Location Current Location Shelving location Date acquired Cost, normal purchase price Full call number Barcode Date last seen Copy number Price effective from Koha item type Public note
          ბათუმის შოთა რუსთაველის სახელმწიფო უნივერსიტეტის მთავარი ბიბლიოთეკა ბათუმის შოთა რუსთაველის სახელმწიფო უნივერსიტეტის მთავარი ბიბლიოთეკა წიგნსაცავი 2018-12-17 54.00 811.112.1 T-38 57868 2018-12-17 57868 2018-12-17 წიგნი 54.00 GEL.